01366nam a2200265 i 4500001000300000111011100003245015200114260004700266300002800313490015000341500005800491504002400549650004700573650004900620650001500669655002900684700002700713830015100740020001500891040000800906041001900914080002800933008004100961856009801002bg2 aKonferencja Naukowo-Techniczna Produkcja i Zarządzanie w Hutnictwien(11 ;d2003 ;cUstroń Jaszowiec).10aProdukcja i zarządzanie w hutnictwie :bXI Konferencja Naukowo-Techniczna, Ustroń-Jaszowiec, 25-27 czerwca 2003 /c[red. nauk. Ryszard Budzik]. aCzęstochowa :bWydaw. WIPMiFS PC,c2003. a455 s. :bil. ;c24 cm.1 aMateriały Konferencyjne Wydziału Inżynierii Procesowej, Materiałowej i Fizyki Stosowanej / Politechnika Częstochowska. Metalurgia ;vnr 32 aTekst częśc. czes., ros. Streszcz. ang. przy ref. aBibliogr. przy ref. 9aHutnictwoxorganizacjazPolskayod 1989 r. 9aHutnictwoxzarządzaniezPolskayod 1989 r. 9aMetalurgia aMateriały konferencyjne1 aBudzik, Ryszard.eRed. 0aMateriały Konferencyjne Wydziału Inżynierii Procesowej, Materiałowej i Fizyki Stosowanej (Politechnika Częstochowska).pMetalurgia ;vnr 32 a8387745960 cBPK0 apolczerusbeng a669(438)"1989/..."(061) s pl f |000 0 pol  uhttp://koha.tu.koszalin.pl/cgi-bin/koha/opac-detail.pl?biblionumber=43985yKatalog online BPK